The future belongs to freedom / (Record no. 1494)

000 -LEADER
fixed length control field 01457nam a22003977a 4500
001 - CONTROL NUMBER
control field 1543352
003 - CONTROL NUMBER IDENTIFIER
control field OSt
005 - DATE AND TIME OF LATEST TRANSACTION
control field 20210423064259.0
008 - FIXED-LENGTH DATA ELEMENTS--GENERAL INFORMATION
fixed length control field 910726s1991 nyu 001 0aeng
010 ## - LIBRARY OF CONGRESS CONTROL NUMBER
LC control number 91029334
020 ## - INTERNATIONAL STANDARD BOOK NUMBER
International Standard Book Number 0029286174
040 ## - CATALOGING SOURCE
Original cataloging agency DLC
Transcribing agency DLC
Modifying agency DLC
Language of cataloging eng
041 1# - LANGUAGE CODE
Language code of text/sound track or separate title eng
Language code of original rus
043 ## - GEOGRAPHIC AREA CODE
Geographic area code e-ur---
050 00 - LIBRARY OF CONGRESS CALL NUMBER
Classification number DK290.3.S54
Item number A3 1991
080 ## - UNIVERSAL DECIMAL CLASSIFICATION NUMBER
Universal Decimal Classification number 92
Item number S-53
082 00 - DEWEY DECIMAL CLASSIFICATION NUMBER
Classification number 947.085/4/092
-- B
Edition number 20
100 1# - MAIN ENTRY--PERSONAL NAME
Personal name Shevardnadze, Ė. A.
Fuller form of name (Ėduard Amvrosievich),
Dates associated with a name 1928-2014.
240 10 - UNIFORM TITLE
Uniform title Budushchee prinadlezhit svobode.
Language of a work English
245 14 - TITLE STATEMENT
Title The future belongs to freedom /
Statement of responsibility, etc. Eduard Shevardnadze ; translated by Catherine A. Fitzpatrick.
Remainder of title / by: The Free Press
260 ## - PUBLICATION, DISTRIBUTION, ETC.
Place of publication, distribution, etc. New York
Name of publisher, distributor, etc. The Free Press
Date of publication, distribution, etc. c1991.
300 ## - PHYSICAL DESCRIPTION
Extent xx, 237 p.
Dimensions 25 cm.
365 ## - TRADE PRICE
Price amount 22.95 usd
500 ## - GENERAL NOTE
General note Translation of: Budushchee prinadlezhit svobode.
500 ## - GENERAL NOTE
General note Includes index.
600 10 - SUBJECT ADDED ENTRY--PERSONAL NAME
Personal name Shevardnadze, Ė. A.
Fuller form of name (Ėduard Amvrosievich),
Dates associated with a name 1928-2014.
650 #0 - SUBJECT ADDED ENTRY--TOPICAL TERM
Topical term or geographic name entry element Statesmen
Geographic subdivision Soviet Union
Form subdivision Biography.
650 #0 - SUBJECT ADDED ENTRY--TOPICAL TERM
Topical term or geographic name entry element Biography
9 (RLIN) 237
650 #0 - SUBJECT ADDED ENTRY--TOPICAL TERM
Topical term or geographic name entry element Reformers
Geographic subdivision Soviet Union
Form subdivision Biography.
651 #0 - SUBJECT ADDED ENTRY--GEOGRAPHIC NAME
Geographic name Soviet Union
General subdivision Foreign relations
Chronological subdivision 1985-1991.
653 ## - INDEX TERM--UNCONTROLLED
Uncontrolled term ბიოგრაფია
700 ## - ADDED ENTRY--PERSONAL NAME
9 (RLIN) 934
Personal name Fitzpatrick, A. Catherine
Relator term Translator
906 ## - LOCAL DATA ELEMENT F, LDF (RLIN)
a 7
b cbc
c orignew
d 1
e ocip
f 19
g y-gencatlg
942 ## - ADDED ENTRY ELEMENTS (KOHA)
Source of classification or shelving scheme
Koha item type Books
Holdings
Withdrawn status Lost status Source of classification or shelving scheme Damaged status Not for loan Permanent location Current location Date acquired Inventory number Total Checkouts Full call number Barcode Date last seen Price effective from Koha item type
          Ken Walker International University Ken Walker International University 02/17/2021 1303   92 S-53 1303 02/17/2021 02/17/2021 Books

Powered by Koha